10 Most Valuable Football Players in 2005 - Statistics

General Stats
  • This quiz has been taken 24 times
  • The average score is 8 of 10
Answer Stats
Value (€) Country Team (2005) Answer % Correct
50M Brazil Barcelona Ronaldinho
100%
45M France Arsenal Thierry Henry
100%
38M Ukraine AC Milan Andriy Shevchenko
96%
35M Italy AS Roma Francesco Totti
91%
36M Netherlands Manchester United Ruud van Nistelrooy
87%
36M England Manchester United Wayne Rooney
87%
38M Ghana Chelsea Michael Essien
74%
35M Brazil Inter Milan Adriano
65%
35M Italy AC Milan Alessandro Nesta
61%
35M Italy Juventus Gianluigi Buffon
57%
No matching quizzes found
Score Distribution
Percent of People with Each Score
Percentile by Number Answered
Your Score History
You have not taken this quiz